LIBRARY & INFORMATION CENTRE, KCAET, TAVANUR

ONLINE PUBLIC ACCESS CATALOGUE (OPAC)

Mathematics for economists:An elementary survey / (Record no. 11421)

MARC details
000 -LEADER
fixed length control field 00467cam a2200181ua 4500
041 ## - LANGUAGE CODE
Language code of text/sound track or separate title eng
082 ## - DEWEY DECIMAL CLASSIFICATION NUMBER
Classification number 330.1543
Item number YAM/MA
100 ## - MAIN ENTRY--AUTHOR NAME
Personal name Yamane, Taro .
245 ## - TITLE STATEMENT
Title Mathematics for economists:An elementary survey /
250 ## - EDITION STATEMENT
Edition statement 1 /
260 ## - PUBLICATION, DISTRIBUTION, ETC. (IMPRINT)
Place of publication New Delhi :
Name of publisher Prentice Hall of India Pvt Ltd. ,
Year of publication 1965.
300 ## - PHYSICAL DESCRIPTION
Number of Pages 554 ; .
942 ## - ADDED ENTRY ELEMENTS (KOHA)
Koha item type Books
Holdings
Withdrawn status Lost status Damaged status Home library Current library Date acquired Full call number Accession Number Koha item type
Withdrawn     KAUAET Sanskrit University 07/04/2012 330.1543 10778 Books
free website counter